000 00527nam a22001817a 4500
005 20171106144829.0
010 _aENG-121240
020 _c200.00
_a9789350451007
035 _aEN-104772
037 _bDBAD/PUB
082 _a881
100 _aBhattacharyya,Anuradha
245 _aVedanta guidebook/
_cby Anuradha Bhattacharyya
260 _aCalcutta
_bA Writers Workshop Publication
_c2015
270 _a162/92 Lake Gardens
_bCalcutta
_e700045
300 _a88p.
_c22cm(Hb)
942 _2ddc
_cEN
_h881
_mBHA
999 _c147202
_d147202